| 000 | 00551nam a2200205 4500 | ||
|---|---|---|---|
| 001 | 123732 | ||
| 003 | ES-MaACL | ||
| 005 | 20230906192229.0 | ||
| 007 | t| | ||
| 008 | 070214s1952 sp r ||||1| spa d | ||
| 100 | 1 |
_aRaine, William Macleod. _995034 |
|
| 245 | 1 | 0 |
_aHuellas borrosas _b: novela / _cWilliam Macleod. |
| 250 | _a3ยช ed. | ||
| 260 |
_aBarcelona : _bJuventud, _c1952. |
||
| 300 |
_a215 p. ; _c17 cm. |
||
| 490 | 1 | _aObras maestras | |
| 830 | 0 |
_aObras maestras _9181001 |
|
| 852 |
_aES-MaACL _jD-8158 _bR.32122 |
||
| 999 |
_c123732 _d123732 |
||